| 000 | 00919nac a22002531u 4500 | ||
|---|---|---|---|
| 020 | _a9780745617022 : | ||
| 020 | _a0745617026 (cased) : | ||
| 020 | _a9780745617039 (pbk.) : | ||
| 020 | _a0745617034 (pbk.) : | ||
| 082 |
_a303.482 22 _bSMI |
||
| 090 |
_c8635 _d8635 |
||
| 100 | _aSmith, Dennis | ||
| 245 |
_aGlobalization : the hidden agenda / _bthe hidden agenda / _cDennis Smith. |
||
| 260 |
_aCambridge : _bPolity, 2006. _cc2006. |
||
| 300 |
_ax, 271 p. : _bill. ; _c24 cm. |
||
| 500 | _aDistributer: Bacca | ||
| 504 | _aIncludes bibliography and index. | ||
| 511 | _aCatalogued by: Sara | ||
| 650 | _a Globalization -- Political aspects. | ||
| 650 | _aGlobalization -- Social aspects. | ||
| 650 | _aGlobalization. | ||
| 942 |
_cBB _k303.482 22 SMI |
||
| 999 |
_c8635 _d8635 |
||